000 00505nam a22001457a 4500
082 _a620.1
100 _aKhan, Hana Amin
245 _aAffirmation of Enhanced Product Design using GT&T and Concept of Torsors in Tolerance Analysis /
_cHana Amin Khan
260 _aIslamabad :
_bCEME - NUST,
_c2017.
300 _a63 p. ;
_c30cm.
650 _aMechanical Engineering-MS-Thesis
_916090
700 _aDr. Sajid Ullah Butt
_929563
942 _2ddc
_cTHE
999 _c536401
_d536401